[Event "Mitropa Cup 06th"]
[Site "Luxembourg"]
[Date "1981.??.??"]
[Round "3"]
[White "Djuric, Stefan"]
[Black "Stoppel, Franz"]
[Result "1/2-1/2"]
[WhiteElo "2460"]
[BlackElo "2245"]
[PlyCount "106"]
[EventDate "1981.10.17"]
[EventType "team-tourn"]
[EventRounds "7"]
[EventCountry "LUX"]
[Source "ChessBase"]
[SourceDate "2000.11.22"]

1. e4 e6 2. d4 d5 3. Nc3 Nf6 4. Bg5 Be7 5. e5 Nfd7 6. Bxe7 Qxe7 7. f4 a6 8. Qg4
g6 9. Nf3 c5 10. dxc5 Nc6 11. Bd3 Nxc5 12. O-O-O Bd7 13. Kb1 h5 14. Qh3 O-O-O
15. Rhe1 Kb8 16. Be2 Rc8 17. Nd4 Na7 18. Qe3 Na4 19. Nxa4 Bxa4 20. Rd2 Rc7 21.
b3 Bb5 22. Bf3 Rhc8 23. f5 gxf5 24. Bxh5 Qh4 25. Bf3 Qxh2 26. g4 f4 27. Rxh2
fxe3 28. Rxe3 Nc6 29. Nxc6+ Bxc6 30. c3 Rg8 31. Rd2 Kc8 32. Rd4 Kd8 33. a4 Ke7
34. Kb2 a5 35. Bd1 Rg5 36. Rd2 Rc8 37. Rh2 Rcg8 38. Kc2 f6 39. Rh7+ R8g7 40.
Rxg7+ Rxg7 41. Kd3 b6 42. Kd4 Be8 43. Bf3 Rg5 44. Be2 Bg6 45. c4 Be4 46. cxd5
Bxd5 47. Bd1 f5 48. gxf5 Rxf5 49. Bc2 Rf4+ 50. Kc3 Kd7 51. Bd3 Rf3 52. Bb5+ Ke7
53. Rxf3 Bxf3 1/2-1/2

[Event "Mitropa Cup 06th"]
[Site "Luxembourg"]
[Date "1981.??.??"]
[Round "3"]
[White "Franzoni, Giancarlo"]
[Black "D'Amore, Carlo"]
[Result "1/2-1/2"]
[WhiteElo "2295"]
[BlackElo "2225"]
[PlyCount "89"]
[EventDate "1981.10.17"]
[EventType "team-tourn"]
[EventRounds "7"]
[EventCountry "LUX"]
[Source "ChessBase"]
[SourceDate "2000.11.22"]

1. e4 e5 2. Nf3 Nc6 3. Bc4 Nf6 4. d3 h6 5. Bb3 d6 6. c3 g6 7. O-O Bg7 8. Nbd2
O-O 9. Re1 Kh7 10. d4 Qe7 11. dxe5 dxe5 12. Nc4 Be6 13. Qc2 Bg4 14. Nfd2 Nh5
15. Ne3 Be6 16. Nd5 Qd8 17. a4 Ne7 18. Nxe7 Qxe7 19. Nf1 Bf6 20. Bxe6 Qxe6 21.
Be3 Bg5 22. Red1 Kg7 23. Rd5 Nf6 24. Rd2 Ng4 25. Re1 Rad8 26. Bxg5 hxg5 27.
Red1 Rxd2 28. Qxd2 Nf6 29. Qxg5 Nxe4 30. Qe3 Nd6 31. Re1 Nc4 32. Qxa7 Qc6 33.
b3 b6 34. Qa6 Na5 35. Rxe5 Nxb3 36. Qb5 Na5 37. Qxc6 Nxc6 38. Re4 Nd8 39. Nd2
Ne6 40. Kf1 Nc5 41. Rc4 Ra8 42. Ke2 Rxa4 43. Rxa4 Nxa4 44. Kd3 Kf6 45. Nf3
1/2-1/2

[Event "Mitropa Cup 06th"]
[Site "Luxembourg"]
[Date "1981.??.??"]
[Round "3"]
[White "Goldenberg, Richard"]
[Black "Herbrechtsmeier, Christof"]
[Result "1/2-1/2"]
[WhiteElo "2325"]
[BlackElo "2330"]
[PlyCount "51"]
[EventDate "1981.10.17"]
[EventType "team-tourn"]
[EventRounds "7"]
[EventCountry "LUX"]
[Source "ChessBase"]
[SourceDate "2000.11.22"]

1. Nf3 Nf6 2. c4 g6 3. Nc3 d5 4. cxd5 Nxd5 5. e4 Nxc3 6. dxc3 Qxd1+ 7. Kxd1 Nd7
8. Bc4 Bg7 9. Kc2 Nc5 10. Re1 O-O 11. Bg5 Re8 12. Rad1 c6 13. Nd4 h6 14. Bc1 b5
15. Bf1 Bb7 16. Nb3 Nxb3 17. axb3 Rad8 18. Be3 a6 19. Bb6 Rxd1 20. Rxd1 Bc8 21.
b4 g5 22. Bd4 Rd8 23. Rd3 e5 24. Bc5 Rxd3 25. Kxd3 Be6 26. Ke3 1/2-1/2

[Event "Mitropa Cup 06th"]
[Site "Luxembourg"]
[Date "1981.??.??"]
[Round "3"]
[White "Mikenda, Werner"]
[Black "Jelen, Iztok"]
[Result "1/2-1/2"]
[WhiteElo "2225"]
[BlackElo "2415"]
[PlyCount "41"]
[EventDate "1981.10.17"]
[EventType "team-tourn"]
[EventRounds "7"]
[EventCountry "LUX"]
[Source "ChessBase"]
[SourceDate "2000.11.22"]

1. d4 Nf6 2. c4 e6 3. Nc3 Bb4 4. Bg5 c5 5. d5 exd5 6. cxd5 d6 7. e3 Nbd7 8. Bd3
Bxc3+ 9. bxc3 Qa5 10. Ne2 Nxd5 11. O-O c4 12. Bf5 N7f6 13. Bxc8 Rxc8 14. Bxf6
Nxf6 15. Qxd6 Qc5 16. Qf4 O-O 17. Rad1 Qc7 18. Qf5 Qc5 19. Qf4 Qc7 20. Qf5 Qc5
21. Qf4 1/2-1/2

[Event "Mitropa Cup 06th"]
[Site "Luxembourg"]
[Date "1981.??.??"]
[Round "3"]
[White "Tassi, Oliviero"]
[Black "Huss, Andreas"]
[Result "0-1"]
[WhiteElo "2225"]
[BlackElo "2295"]
[PlyCount "38"]
[EventDate "1981.10.17"]
[EventType "team-tourn"]
[EventRounds "7"]
[EventCountry "LUX"]
[Source "ChessBase"]
[SourceDate "2000.11.22"]

1. c4 Nf6 2. Nc3 e6 3. e4 c5 4. e5 Ng8 5. Nf3 Nc6 6. d4 cxd4 7. Nxd4 Nxe5 8.
Ndb5 a6 9. Nd6+ Bxd6 10. Qxd6 f6 11. Be3 Ne7 12. Bb6 Nf5 13. Bxd8 Nxd6 14. Bc7
Ke7 15. O-O-O Ndxc4 16. Bxc4 Nxc4 17. Rhe1 b5 18. f4 Bb7 19. f5 Rac8 0-1

[Event "Mitropa Cup 06th"]
[Site "Luxembourg"]
[Date "1981.??.??"]
[Round "3"]
[White "Wirthensohn, Heinz"]
[Black "Arlandi, Ennio"]
[Result "1/2-1/2"]
[WhiteElo "2420"]
[BlackElo "2240"]
[PlyCount "53"]
[EventDate "1981.10.17"]
[EventType "team-tourn"]
[EventRounds "7"]
[EventCountry "LUX"]
[Source "ChessBase"]
[SourceDate "2000.11.22"]

1. c4 f5 2. Nf3 Nf6 3. b3 g6 4. Bb2 Bg7 5. g3 O-O 6. Bg2 d6 7. d4 c6 8. O-O e5
9. dxe5 Ng4 10. Nc3 Nxe5 11. Qd2 Na6 12. Rad1 Nf7 13. Na4 Re8 14. Bxg7 Kxg7 15.
b4 Nc7 16. c5 dxc5 17. Nxc5 Qxd2 18. Rxd2 a5 19. Rb1 Na6 20. Nxa6 Rxa6 21. bxa5
Rxa5 22. e3 Kf6 23. Nd4 Rd8 24. Rc2 Ra7 25. Bf1 Be6 26. Nxe6 Kxe6 27. Bc4+
1/2-1/2

[Event "Mitropa Cup 06th"]
[Site "Luxembourg"]
[Date "1981.??.??"]
[Round "4"]
[White "Djuric, Stefan"]
[Black "Benoit, Michel"]
[Result "1-0"]
[WhiteElo "2460"]
[BlackElo "2235"]
[PlyCount "31"]
[EventDate "1981.10.17"]
[EventType "team-tourn"]
[EventRounds "7"]
[EventCountry "LUX"]
[Source "ChessBase"]
[SourceDate "2000.11.22"]

1. e4 g6 2. d4 Bg7 3. Nf3 d6 4. Nc3 Nf6 5. Be2 O-O 6. O-O c6 7. Re1 Qc7 8. e5
dxe5 9. Nxe5 Nfd7 10. Ng4 Rd8 11. Nh6+ Kf8 12. Bc4 Ne5 13. Bf4 Qb6 14. Bxe5
Bxh6 15. Qf3 f5 16. Qh3 1-0

[Event "Mitropa Cup 06th"]
[Site "Luxembourg"]
[Date "1981.??.??"]
[Round "4"]
[White "Goldenberg, Richard"]
[Black "Martinovic, Slobodan"]
[Result "0-1"]
[WhiteElo "2325"]
[BlackElo "2405"]
[PlyCount "81"]
[EventDate "1981.10.17"]
[EventType "team-tourn"]
[EventRounds "7"]
[EventCountry "LUX"]
[Source "ChessBase"]
[SourceDate "2000.11.22"]

1. d4 Nf6 2. c4 g6 3. Nc3 Bg7 4. e4 d6 5. Nf3 O-O 6. Be3 c6 7. h3 a6 8. Be2 b5
9. cxb5 axb5 10. a3 Nbd7 11. O-O Bb7 12. e5 Ne8 13. e6 fxe6 14. Ng5 Nc7 15. Bg4
e5 16. Be6+ Kh8 17. Qg4 Nf6 18. Qh4 exd4 19. Bxd4 Nxe6 20. Nxe6 Qd7 21. Rae1 c5
22. Nxf8 Rxf8 23. Bxf6 Bxf6 24. Qh6 Kg8 25. Ne4 Bxe4 26. Rxe4 Bxb2 27. Rfe1 e5
28. f4 d5 29. Rxe5 Bd4+ 30. Kh1 Bxe5 31. fxe5 Re8 32. Qe3 d4 33. Qe4 Re6 34.
Rf1 Kg7 35. Qf4 Qe7 36. Re1 d3 37. Qe3 c4 38. a4 bxa4 39. Qd4 Qc7 40. Qd5 Qc6
41. Qd4 0-1

[Event "Mitropa Cup 06th"]
[Site "Luxembourg"]
[Date "1981.??.??"]
[Round "4"]
[White "Poecksteiner, Johann"]
[Black "Franzoni, Giancarlo"]
[Result "1/2-1/2"]
[WhiteElo "2240"]
[BlackElo "2295"]
[PlyCount "43"]
[EventDate "1981.10.17"]
[EventType "team-tourn"]
[EventRounds "7"]
[EventCountry "LUX"]
[Source "ChessBase"]
[SourceDate "2000.11.22"]

1. d4 d5 2. c4 c6 3. Nf3 Nf6 4. Nc3 dxc4 5. a4 Bf5 6. e3 e6 7. Bxc4 Bb4 8. O-O
O-O 9. Qe2 Nbd7 10. e4 Bg6 11. Bd3 Bh5 12. e5 Nd5 13. Ne4 Be7 14. Ng3 Bg6 15.
Bxg6 fxg6 16. Qe4 Re8 17. h4 Qc7 18. Bg5 Bb4 19. h5 gxh5 20. Nxh5 Nf8 21. Rad1
Qf7 22. Ng3 1/2-1/2

[Event "Mitropa Cup 06th"]
[Site "Luxembourg"]
[Date "1981.??.??"]
[Round "4"]
[White "Schammo, Jean"]
[Black "Borik, Otto"]
[Result "1/2-1/2"]
[WhiteElo "2230"]
[BlackElo "2410"]
[PlyCount "162"]
[EventDate "1981.10.17"]
[EventType "team-tourn"]
[EventRounds "7"]
[EventCountry "LUX"]
[Source "ChessBase"]
[SourceDate "2000.11.22"]

1. e4 c5 2. Nf3 Nc6 3. Nc3 d6 4. d4 cxd4 5. Nxd4 Nf6 6. Be2 e5 7. Nb3 Be7 8.
O-O O-O 9. Be3 a5 10. a4 Nb4 11. f4 Qc7 12. Rf2 Rd8 13. Bf3 Be6 14. Rd2 Bc4 15.
Qe1 d5 16. fxe5 Nxe4 17. Nxe4 dxe4 18. Bxe4 Rxd2 19. Bxd2 Nxc2 20. Bxc2 Bxb3
21. Bxb3 Qb6+ 22. Kh1 Qxb3 23. Bxa5 Qxb2 24. Rb1 Qc2 25. Rxb7 Bf8 26. Qf1 Qxa4
27. Bc3 Qe8 28. Rb1 Qe6 29. h3 g6 30. Qf3 Ra3 31. Rb8 Rb3 32. Rxb3 Qxb3 33. Kh2
h5 34. Bd2 Qe6 35. Bf4 Bg7 36. Qg3 Qf5 37. h4 Kh7 38. Qg5 Qe4 39. Kh3 Qd3+ 40.
Kh2 Qd7 41. Kg3 Bf8 42. Kh2 Be7 43. Qg3 Qf5 44. Qf2 Kg8 45. g3 Qe4 46. Qd2 Bc5
47. Qd8+ Kh7 48. Qd2 Qf3 49. Qg2 Qd1 50. Qe4 Kg7 51. Kh3 Qf1+ 52. Qg2 Qe1 53.
Qc6 Bf2 54. Qf6+ Kg8 55. Qd8+ Kh7 56. Qd5 Qf1+ 57. Qg2 Qe2 58. Qd5 Kg7 59. Qc6
Bg1 60. Qh1 Bc5 61. Qc6 Be7 62. Qc1 Qe4 63. Kh2 Qe2+ 64. Kh3 Qf3 65. Kh2 Qf2+
66. Kh3 Bc5 67. Qd2 Qf1+ 68. Qg2 Qc4 69. Qc6 Qe6+ 70. Qxe6 fxe6 71. Bg5 Kf7 72.
Kg2 Ke8 73. Kf3 Kd7 74. g4 Kc6 75. gxh5 gxh5 76. Ke4 Bf2 77. Bf6 Bg3 78. Be7
Be1 79. Kf4 Bd2+ 80. Ke4 Kb5 81. Kd4 Bb4 1/2-1/2

[Event "Mitropa Cup 06th"]
[Site "Luxembourg"]
[Date "1981.??.??"]
[Round "4"]
[White "Stoppel, Franz"]
[Black "Wirthensohn, Heinz"]
[Result "1/2-1/2"]
[WhiteElo "2245"]
[BlackElo "2420"]
[PlyCount "40"]
[EventDate "1981.10.17"]
[EventType "team-tourn"]
[EventRounds "7"]
[EventCountry "LUX"]
[Source "ChessBase"]
[SourceDate "2000.11.22"]

1. d4 Nf6 2. Nf3 e6 3. c4 Bb4+ 4. Bd2 Qe7 5. Nc3 O-O 6. Rc1 b6 7. g3 Bb7 8. Bg2
d6 9. O-O c5 10. Bg5 Bxc3 11. Rxc3 Nbd7 12. Ne1 Bxg2 13. Nxg2 h6 14. Bxf6 Nxf6
15. Rd3 Rfd8 16. Ne3 d5 17. cxd5 Nxd5 18. Nxd5 Rxd5 19. dxc5 Rxd3 20. Qxd3 Qxc5
1/2-1/2

[Event "Mitropa Cup 06th"]
[Site "Luxembourg"]
[Date "1981.??.??"]
[Round "4"]
[White "Stull, Norbert"]
[Black "Miltner, Arndt"]
[Result "1-0"]
[WhiteElo "2215"]
[BlackElo "2315"]
[PlyCount "163"]
[EventDate "1981.10.17"]
[EventType "team-tourn"]
[EventRounds "7"]
[EventCountry "LUX"]
[Source "ChessBase"]
[SourceDate "2000.11.22"]

1. c4 e5 2. Nc3 Nf6 3. g3 Bb4 4. Bg2 O-O 5. Nf3 e4 6. Nd4 Re8 7. O-O Nc6 8. Nc2
Bxc3 9. dxc3 h6 10. Ne3 d6 11. Qc2 b6 12. b3 Bb7 13. f4 Ne7 14. Bb2 Qd7 15.
Rad1 Rad8 16. Bc1 Qe6 17. h3 c5 18. Kh2 a6 19. a4 b5 20. f5 Qd7 21. axb5 axb5
22. cxb5 Qxb5 23. c4 Qb6 24. Bb2 d5 25. cxd5 Nexd5 26. Nc4 Qc7 27. Bc3 Nh5 28.
Be1 Nb4 29. Qb1 Rxd1 30. Qxd1 Rd8 31. Qb1 Qe7 32. Qc1 Ra8 33. Bxb4 cxb4 34. Qe3
Ra2 35. Rd1 Rc2 36. Rd2 Rc3 37. Rd3 Qg5 38. Rxc3 bxc3 39. Qxc3 Qxf5 40. Nd6 Qd7
41. Nxe4 Qe7 42. Qc5 Qe6 43. Qxh5 Bxe4 44. Bxe4 Qxe4 45. Qf3 Qd4 46. Kg2 g6 47.
Qd3 Qc5 48. Qc4 Qe3 49. b4 h5 50. b5 Kg7 51. Qd3 Qe6 52. e4 Qa2+ 53. Kf3 Qb2
54. h4 Kh7 55. Ke3 Qe5 56. Kd2 Qb2+ 57. Kd1 Kg7 58. Qd5 Qb1+ 59. Kd2 Qb2+ 60.
Kd3 Qa3+ 61. Kd4 Qb4+ 62. Ke5 Qa3 63. Qd4 Qxg3+ 64. Kd5+ Kh7 65. b6 Qb3+ 66.
Kc6 Qe6+ 67. Kc7 Qe7+ 68. Qd7 Qc5+ 69. Kb7 Kg7 70. Qc7 Qb5 71. Qd6 Qe8 72. e5
Qa4 73. Qf6+ Kg8 74. Qd8+ Kg7 75. Kb8 Qb5 76. Qf6+ Kg8 77. b7 Qc5 78. Qd6 Qb5
79. Kc8 Qc4+ 80. Qc7 Qg4+ 81. Qd7 Qc4+ 82. Kd8 1-0

[Event "Mitropa Cup 06th"]
[Site "Luxembourg"]
[Date "1981.??.??"]
[Round "4"]
[White "Zueger, Beat"]
[Black "Mikenda, Werner"]
[Result "1/2-1/2"]
[WhiteElo "2360"]
[BlackElo "2225"]
[PlyCount "102"]
[EventDate "1981.10.17"]
[EventType "team-tourn"]
[EventRounds "7"]
[EventCountry "LUX"]
[Source "ChessBase"]
[SourceDate "2000.11.22"]

1. c4 c5 2. g3 Nc6 3. Bg2 g6 4. Nc3 Bg7 5. a3 Nf6 6. Rb1 a5 7. d3 O-O 8. Nh3 d6
9. Nf4 Rb8 10. h4 h5 11. Bd2 Bd7 12. O-O Ne8 13. Nb5 Nc7 14. Nxc7 Qxc7 15. b4
axb4 16. axb4 Nxb4 17. Bxb4 cxb4 18. Nd5 Qd8 19. Rxb4 b5 20. Qb3 bxc4 21. dxc4
Rxb4 22. Qxb4 Bg4 23. e3 Qd7 24. Qb5 Qa7 25. Rb1 Be6 26. Qb6 Qxb6 27. Nxe7+ Kh7
28. Rxb6 Bxc4 29. Rxd6 Re8 30. Nc6 Ra8 31. Rd2 Ra1+ 32. Kh2 Rc1 33. Nd4 Rc3 34.
Be4 Bf6 35. Rc2 Rxc2 36. Bxc2 Kg7 37. f4 Be7 38. Bb3 Ba6 39. e4 Bc5 40. Nf3 f6
41. e5 Bb7 42. exf6+ Kxf6 43. Ne5 Bd6 44. Bc2 Bxe5 45. fxe5+ Kxe5 46. Bxg6 Bf3
47. Kg1 Kf6 48. Kf2 Bg4 49. Be4 Bd7 50. Bf3 Kg6 51. Ke3 Kh6 1/2-1/2

[Event "Mitropa Cup 06th"]
[Site "Luxembourg"]
[Date "1981.??.??"]
[Round "5"]
[White "Arlandi, Ennio"]
[Black "Stoppel, Franz"]
[Result "1/2-1/2"]
[WhiteElo "2240"]
[BlackElo "2245"]
[PlyCount "90"]
[EventDate "1981.10.17"]
[EventType "team-tourn"]
[EventRounds "7"]
[EventCountry "LUX"]
[Source "ChessBase"]
[SourceDate "2000.11.22"]

1. d4 e6 2. c4 d5 3. Nc3 Nf6 4. cxd5 exd5 5. Bg5 Be7 6. e3 c6 7. Bd3 Bg4 8.
Nge2 Bh5 9. Qb3 Qb6 10. Qxb6 axb6 11. Nf4 Bg6 12. Nxg6 hxg6 13. f3 Na6 14.
O-O-O O-O-O 15. Bc2 Nc7 16. Bf4 b5 17. Bg3 Ne6 18. Bf2 Bd6 19. h3 Bc7 20. Kb1
Rhe8 21. Ne2 g5 22. g4 Kb8 23. h4 gxh4 24. Bxh4 g5 25. Bf2 Rh8 26. Ng3 Ng7 27.
Kc1 Rde8 28. Kd2 Kc8 29. Ke2 Kd8 30. Rxh8 Rxh8 31. Rh1 Rxh1 32. Nxh1 b6 33. Bd3
Ne6 34. Ng3 b4 35. Nf5 c5 36. b3 Ng8 37. Ba6 Ne7 38. Bb7 cxd4 39. Nxd4 Nxd4+
40. exd4 Ng6 41. Be3 Nf4+ 42. Bxf4 Bxf4 43. Bxd5 f6 44. Kd3 Kd7 45. Kc4 Bd2
1/2-1/2

[Event "Mitropa Cup 06th"]
[Site "Luxembourg"]
[Date "1981.??.??"]
[Round "5"]
[White "Benoit, Michel"]
[Black "Zueger, Beat"]
[Result "1/2-1/2"]
[WhiteElo "2235"]
[BlackElo "2360"]
[PlyCount "80"]
[EventDate "1981.10.17"]
[EventType "team-tourn"]
[EventRounds "7"]
[EventCountry "LUX"]
[Source "ChessBase"]
[SourceDate "2000.11.22"]

1. d4 Nf6 2. Nf3 g6 3. Bg5 Bg7 4. Nbd2 d6 5. c3 O-O 6. e4 Nbd7 7. Be2 h6 8. Bh4
e5 9. dxe5 dxe5 10. O-O b6 11. Qc2 Bb7 12. Rfe1 Qe8 13. Bf1 Nh5 14. a4 a5 15.
Bb5 f6 16. Rad1 Qe7 17. Nc4 Rfd8 18. Ne3 c6 19. Bf1 Nc5 20. Nd2 Kh7 21. f3 Nf4
22. Ndc4 Qc7 23. Ng4 Rf8 24. Rd2 h5 25. Nge3 Rfd8 26. Red1 Rxd2 27. Rxd2 Rd8
28. Bf2 Rxd2 29. Nxd2 Nfe6 30. Nec4 Bf8 31. Nb3 Nxa4 32. Nbxa5 b5 33. Nxb7 Qxb7
34. Na5 Qc7 35. b4 Qd7 36. Nb3 Qd6 37. Be3 Bh6 38. Bxh6 Kxh6 39. g3 Qd8 40. Na5
Kg7 1/2-1/2

[Event "Mitropa Cup 06th"]
[Site "Luxembourg"]
[Date "1981.??.??"]
[Round "5"]
[White "D'Amore, Carlo"]
[Black "Poecksteiner, Johann"]
[Result "1-0"]
[WhiteElo "2225"]
[BlackElo "2240"]
[PlyCount "121"]
[EventDate "1981.10.17"]
[EventType "team-tourn"]
[EventRounds "7"]
[EventCountry "LUX"]
[Source "ChessBase"]
[SourceDate "2000.11.22"]

1. e4 c5 2. Nf3 Nc6 3. d4 cxd4 4. Nxd4 Nf6 5. Nc3 d6 6. Be2 e6 7. O-O Be7 8.
Be3 O-O 9. Qe1 a6 10. f4 Qc7 11. Rd1 e5 12. fxe5 dxe5 13. Nb3 Nb4 14. Rd2 Be6
15. a3 Nxc2 16. Rxc2 Bxb3 17. Nd5 $5 Qxc2 18. Nxe7+ Kh8 19. Rxf6 Qxe4 20. Bf3
Qd3 21. Rb6 e4 22. Bg4 Be6 23. h3 Rad8 24. Bxe6 fxe6 25. Rxb7 Qd1 26. Qxd1
Rxd1+ 27. Kh2 Rd3 28. Bc5 e3 29. Rb6 e5 30. Re6 Rf2 31. Nd5 h6 32. Nxe3 Rxb2
33. Rxe5 Rb5 34. Ng4 Kh7 35. Be7 Rxe5 36. Nxe5 Rd5 37. Nc6 Kg6 38. Bb4 Kf7 39.
Kg3 Ke6 40. Kf3 Rf5+ 41. Ke3 Rg5 42. Nd4+ Kd5 43. Ne2 Kc4 44. Nf4 Re5+ 45. Kf3
a5 46. Bd6 Re8 47. Kg4 Kb3 48. h4 a4 49. Kf5 Rd8 50. Be7 Re8 51. Bd6 Rd8 52.
Bc5 Rc8 53. Ne6 Kc4 54. Bf8 g5 55. h5 Kd5 56. Bxh6 Rc3 57. Bg7 Rg3 58. h6 Rxg2
59. h7 Rf2+ 60. Kg6 Rh2 61. Bh6 1-0

[Event "Mitropa Cup 06th"]
[Site "Luxembourg"]
[Date "1981.??.??"]
[Round "5"]
[White "Martinovic, Slobodan"]
[Black "Schammo, Jean"]
[Result "1-0"]
[WhiteElo "2405"]
[BlackElo "2230"]
[PlyCount "79"]
[EventDate "1981.10.17"]
[EventType "team-tourn"]
[EventRounds "7"]
[EventCountry "LUX"]
[Source "ChessBase"]
[SourceDate "2000.11.22"]

1. e4 c5 2. Nf3 e6 3. d3 b6 4. g3 Bb7 5. Bg2 Be7 6. O-O d6 7. Re1 Nd7 8. c3
Ngf6 9. Nbd2 Qc7 10. Qe2 h6 11. h3 Ne5 12. Nh2 g5 13. d4 Ng6 14. e5 dxe5 15.
dxe5 Nd7 16. Bxb7 Qxb7 17. Nc4 Qc7 18. a4 Rd8 19. Ng4 h5 20. Nh2 Ndf8 21. a5 b5
22. Nd6+ Bxd6 23. Qxb5+ Qd7 24. Qxd7+ Rxd7 25. exd6 f6 26. Be3 Ne5 27. Bxg5 Nd3
28. Bxf6 Rh6 29. Bg5 Rg6 30. Re3 Nxf2 31. Kxf2 Rxg5 32. Rd1 c4 33. Nf3 Rb5 34.
Rd2 Rdb7 35. a6 Rf7 36. Kg2 Kd8 37. Ne5 Rf5 38. Nxc4 Kd7 39. b4 Rfd5 40. Rf2
1-0

[Event "Mitropa Cup 06th"]
[Site "Luxembourg"]
[Date "1981.??.??"]
[Round "5"]
[White "Velickovic, Sasa"]
[Black "Stull, Norbert"]
[Result "1-0"]
[WhiteElo "2410"]
[BlackElo "2215"]
[PlyCount "93"]
[EventDate "1981.10.17"]
[EventType "team-tourn"]
[EventRounds "7"]
[EventCountry "LUX"]
[Source "ChessBase"]
[SourceDate "2000.11.22"]

1. e4 c5 2. Nf3 d6 3. d4 cxd4 4. Nxd4 Nf6 5. Nc3 a6 6. Be2 e5 7. Nb3 Be7 8. O-O
Be6 9. f4 Qc7 10. a4 O-O 11. Kh1 Nbd7 12. Be3 exf4 13. Rxf4 Ne5 14. Nd4 Nfd7
15. Qg1 Rfe8 16. Rff1 Rac8 17. a5 Bf8 18. Qf2 g6 19. Qg3 Kh8 20. Qh4 Be7 21.
Qg3 Bf8 22. Rfd1 Bg7 23. Ra3 Bf8 24. Raa1 Bg7 25. h3 Bf8 26. Bd3 Bg7 27. Nde2
Bf6 28. Nf4 Nxd3 29. cxd3 Bxc3 30. bxc3 Qxc3 31. Nxe6 fxe6 32. Qxd6 Qc7 33. Qb4
Nf6 34. Qb2 e5 35. Rdc1 Qe7 36. Bg5 Qd6 37. Bxf6+ Qxf6 38. Qxb7 Rxc1+ 39. Rxc1
Qf4 40. Qc6 Rd8 41. Rd1 Rxd3 42. Rxd3 Qf1+ 43. Kh2 Qxd3 44. Qe8+ Kg7 45. Qxe5+
Kg8 46. Qd5+ Qxd5 47. exd5 1-0

[Event "Mitropa Cup 06th"]
[Site "Luxembourg"]
[Date "1981.??.??"]
[Round "5"]
[White "Wirthensohn, Heinz"]
[Black "Seret, Jean Luc"]
[Result "0-1"]
[WhiteElo "2420"]
[BlackElo "2365"]
[PlyCount "54"]
[EventDate "1981.10.17"]
[EventType "team-tourn"]
[EventRounds "7"]
[EventCountry "LUX"]
[Source "ChessBase"]
[SourceDate "2000.11.22"]

1. c4 c6 2. Nf3 d5 3. e3 Nf6 4. Nc3 e6 5. b3 a6 6. Bb2 b5 7. d4 Nbd7 8. Bd3 Bd6
9. O-O O-O 10. Qe2 Rb8 11. Rac1 Re8 12. Rfd1 bxc4 13. bxc4 e5 14. c5 Bc7 15.
dxe5 Nxe5 16. Nd4 Bg4 17. f3 Bd7 18. Bxa6 Neg4 19. fxg4 Nxg4 20. Nf3 Rxe3 21.
Qd2 Bf4 22. Qd4 Rxf3 23. gxf3 Be3+ 24. Qxe3 Nxe3 25. Rd2 Qg5+ 26. Kh1 Qf4 27.
Rf2 Ng4 0-1

[Event "Mitropa Cup 06th"]
[Site "Luxembourg"]
[Date "1981.??.??"]
[Round "6"]
[White "Bastian, Herbert"]
[Black "Velickovic, Sasa"]
[Result "0-1"]
[WhiteElo "2320"]
[BlackElo "2410"]
[PlyCount "136"]
[EventDate "1981.10.17"]
[EventType "team-tourn"]
[EventRounds "7"]
[EventCountry "LUX"]
[Source "ChessBase"]
[SourceDate "2000.11.22"]

1. e4 c5 2. Nc3 Nc6 3. g3 g6 4. Bg2 Bg7 5. d3 d6 6. f4 e5 7. Nf3 Nge7 8. O-O
O-O 9. Be3 Nd4 10. Qd2 Rb8 11. Rae1 b5 12. Nd5 Nxd5 13. exd5 Nxf3+ 14. Rxf3
exf4 15. Bxf4 Bg4 16. Rff1 Qd7 17. Bh6 Bd4+ 18. Kh1 Rfe8 19. c3 Bh8 20. Re4
Rxe4 21. dxe4 Bh3 22. Bf4 Bxg2+ 23. Kxg2 Re8 24. Re1 Be5 25. Bh6 a5 26. Re2 b4
27. cxb4 axb4 28. Qd3 Ra8 29. b3 Re8 30. h3 f6 31. Bc1 h5 32. Bd2 Qe7 33. Bc1
Ra8 34. Qb5 Rf8 35. Qd3 Qd7 36. Bh6 Rf7 37. Bc1 Qe8 38. Rf2 Re7 39. Re2 Ra7 40.
Qc4 Qa8 41. Qc2 Kg7 42. Qd2 Kg8 43. Qc2 Ra5 44. Qd2 Ra7 45. Qh6 Qe8 46. Qd2 Qb5
47. Qc2 Rc7 48. Qc4 Qxc4 49. bxc4 Rb7 50. Re3 h4 51. Rb3 Ra7 52. a3 hxg3 53.
Kf3 Ra4 54. h4 bxa3 55. Rxa3 Rxc4 56. Bh6 Rc2 57. Be3 g2 58. Ra8+ Kf7 59. Ra7+
Ke8 60. Ra8+ Kd7 61. Ra7+ Kc8 62. Rg7 Rc3 63. Rxg6 Bd4 64. h5 g1=Q 65. Rxg1
Rxe3+ 66. Kf4 Rxe4+ 67. Kxe4 Bxg1 68. h6 f5+ 0-1

[Event "Mitropa Cup 06th"]
[Site "Luxembourg"]
[Date "1981.??.??"]
[Round "6"]
[White "Borik, Otto"]
[Black "Martinovic, Slobodan"]
[Result "0-1"]
[WhiteElo "2410"]
[BlackElo "2405"]
[PlyCount "108"]
[EventDate "1981.10.17"]
[EventType "team-tourn"]
[EventRounds "7"]
[EventCountry "LUX"]
[Source "ChessBase"]
[SourceDate "2000.11.22"]

1. Nf3 Nf6 2. c4 g6 3. Nc3 Bg7 4. d4 O-O 5. e4 d6 6. Be2 c5 7. d5 e6 8. O-O
exd5 9. cxd5 Bg4 10. Re1 a6 11. a4 Re8 12. h3 Bxf3 13. Bxf3 Nbd7 14. g4 h6 15.
Bg2 g5 16. h4 Nh7 17. hxg5 hxg5 18. Ne2 Be5 19. Ra3 Nhf8 20. Qd2 Nh7 21. Rh3
Ndf8 22. f4 Bg7 23. fxg5 Qd7 24. Ng3 Qxa4 25. Nf5 Rad8 26. Qf2 Rd7 27. b3 Qb4
28. Bd2 Bd4 29. Ree3 $1 Qa3 30. Nxd4 cxd4 31. Ref3 Qa1+ 32. Kh2 Qb2 33. Rh6 Rc8
34. Rfh3 d3 35. Rxd3 Rc2 36. Qd4 Qxd4 37. Rxd4 Ng6 38. Kg3 Rb2 39. b4 Rb3+ 40.
Kf2 Ne5 41. Rh3 Rb2 42. g6 fxg6 43. Rc3 Kg7 44. g5 Nxg5 45. Kg3 Kf6 46. Bc1 Re2
47. Rc8 Re7 48. b5 axb5 49. Rb4 Nd3 50. Bxg5+ Kxg5 51. Rxb5 Re3+ 52. Kh2 Rh7+
53. Kg1 Re1+ 54. Bf1 Rf7 0-1

[Event "Mitropa Cup 06th"]
[Site "Luxembourg"]
[Date "1981.??.??"]
[Round "6"]
[White "Djuric, Stefan"]
[Black "Herbrechtsmeier, Christof"]
[Result "1-0"]
[WhiteElo "2460"]
[BlackElo "2330"]
[PlyCount "83"]
[EventDate "1981.10.17"]
[EventType "team-tourn"]
[EventRounds "7"]
[EventCountry "LUX"]
[Source "ChessBase"]
[SourceDate "2000.11.22"]

1. e4 e5 2. Nf3 Nc6 3. Bb5 a6 4. Ba4 Nf6 5. O-O Be7 6. Re1 b5 7. Bb3 O-O 8. d3
Bb7 9. c3 d5 10. exd5 Nxd5 11. Nxe5 Nxe5 12. Rxe5 Qd6 13. Re1 Rae8 14. Nd2 Kh8
15. Qf3 Ba8 16. Ne4 Qd8 17. Qh5 Nf6 18. Nxf6 Bxf6 19. Bf4 g6 20. Qc5 Qxd3 21.
Qxc7 Re2 22. Rxe2 Qxe2 23. Qd6 Bg7 24. Qd2 Qxd2 25. Bxd2 Rd8 26. Be3 Kg8 27.
Bg5 Re8 28. Rd1 Bc6 29. Kf1 b4 30. Rd6 Rc8 31. cxb4 Bb5+ 32. Ke1 Bxb2 33. a4
Ba3 34. Bd2 Re8+ 35. Kd1 Be2+ 36. Kc2 Rc8+ 37. Kb1 a5 38. Rd7 axb4 39. Bxf7+
Kh8 40. Be3 h5 41. Bd4+ Kh7 42. Bc4+ 1-0

[Event "Mitropa Cup 06th"]
[Site "Luxembourg"]
[Date "1981.??.??"]
[Round "6"]
[White "Schammo, Jean"]
[Black "Wirthensohn, Heinz"]
[Result "0-1"]
[WhiteElo "2230"]
[BlackElo "2420"]
[PlyCount "60"]
[EventDate "1981.10.17"]
[EventType "team-tourn"]
[EventRounds "7"]
[EventCountry "LUX"]
[Source "ChessBase"]
[SourceDate "2000.11.22"]

1. e4 c5 2. Nf3 e6 3. d4 cxd4 4. Nxd4 Nf6 5. Nc3 d6 6. Be2 Be7 7. O-O O-O 8.
Be3 Nc6 9. Kh1 Qc7 10. Nb3 a6 11. a4 b6 12. f4 Rd8 13. Bf3 Rb8 14. Rf2 Na5 15.
Qd3 Nc4 16. Bc1 b5 17. axb5 axb5 18. Nd4 b4 19. Nd1 e5 20. b3 Na3 21. Bxa3 bxa3
22. Ne2 d5 23. exd5 Bc5 24. Rf1 exf4 25. c4 Qe5 26. Ra2 Bf5 27. Qd2 Bb1 28.
Ndc3 Be3 29. Qd1 Bxa2 30. Nxa2 Qb2 0-1